La confesión de fé en la divinidad de Jesucristo
Saved in:
| Main Author: | |
|---|---|
| Format: | Book |
| Language: | Spanish |
| Published: |
Madrid
Fundación Santa María
1984
|
| Edition: | 3a. ed |
| Series: | Cátedra de Teología Contemporánea. Curso de Cristología, 6
|
| Subjects: | |
| Tags: |
Add Tag
No Tags, Be the first to tag this record!
|
MARC
| LEADER | 00000nam a2200000 a 4500 | ||
|---|---|---|---|
| 001 | UCW9208 | ||
| 003 | CL-VaPUC | ||
| 008 | 881221e19840000SP |||||||||||||||||spa|d | ||
| 082 | 0 | 4 | |a 232 |b GAR |2 21 |
| 100 | |a García-Murga Vázquez, José Ramón |e author |9 314372 | ||
| 245 | 1 | 3 | |a La confesión de fé en la divinidad de Jesucristo |
| 250 | |a 3a. ed | ||
| 300 | |a 30 p | ||
| 942 | |c BK | ||
| 945 | |d 19881221 00:00:00 | ||
| 260 | |a Madrid |b Fundación Santa María |c 1984 | ||
| 600 | 0 | |a Jesús |9 313614 | |
| 650 | 0 | |a Fe |9 308036 | |
| 583 | |a last modification |c 19881221 00:00:00 |k Rodrigo Vera | ||
| 490 | 0 | |a Cátedra de Teología Contemporánea. Curso de Cristología, 6 | |
| 999 | |c 221232 |d 221230 | ||
| 952 | |0 0 |1 0 |4 0 |6 232_000000000000000_GAR_1984 |7 0 |8 A |9 214328 |a BIBTEO |b BIBTEO |d 2019-11-15 |i 2829614 |o 232 GAR 1984 |p 2829614 |r 2025-01-17 |w 2019-11-15 |y BK |k ICR | ||